01651nam a2200373 i 450000100060000000300080000600500170001400600190003100700150005000800410006501700260010602000280013203500220016004000310018205000220021308000110023508200140024624504160026026400420067630000410071833600310075933700330079033800430082350000220086658800830088865000150097165500270098670000450101370000500105870000310110870000420113970000330118185600630121453587FINmELB20241216232503.0m o d | cr cnu||||||||230724s2023 sp o 001 0 spa d aM-8161-2023bEspaña a9788411701624q(e-book) a(OCoLC)1394963103 aFINmELBbspaerdacFINmELB 4aHQ1154bM953 2023 a141.7204a305.422300aMujeres con alma española/iberoamericana :bdel compromiso personal a la acción social /cCristina Hermida del Llano (directora) ; María Cristina Escribano Gámir, Elena Trapanese, Antolín Sánchez Cuervo, Diego García Paz, Ana-Paz Garibo Peyró, Fernando H. Llano Alonso, Tíffany Sánchez Cabezudo, María Aránzazu Novales Alquézar, Juan Antonio Delgado de la Rosa, Ignacio Ramos Altamira. 1aMadrid :bEdictorial Dykinson,c2023. a1 recurso en línea (212 páginas) atextobtxt2rdacontent/spa acomputadorabc2rdamedia/spa arecurso en líneabcr2rdacarrier/spa aIncluye índice. aDescripción basada en metadatos suministrados por el editor y otras fuentes. 4aFeminismo. 4aLibros electrónicos.1 aHerminda Del Lano, Cristina,edirectora.1 aEscribnao Gámir, María Cristina,eautora.1 aTrapanese, Elena,eautora.1 aSánchez Cuervo, Antolín,eautora.1 aGarcía Paz, Diego,eautor.40uhttps://elibro.net/ereader/politecnicointernacional/232272